Colonies des Amériques en 1775 sur une carte - Statistiques

Statistiques générales
  • Ce quiz a été pris 4 039 fois
  • Le résultat moyen est 19 sur 53
Réponses sur la Carte
Les réponses sont colorées sur une échelle allant du rouge au vert en fonction du pourcentage des utilisateurs qui les ont devinées à leur premier essai. Vous pouvez retrouver ces pourcentages ci-dessous.
 
Statistiques - réponses
Colonies % Correct
Brésil
92%
{Guyane} Française
72%
Québec
67%
Floride Occidentale
65%
Floride Orientale
65%
Suriname
61%
New York
60%
Groenland
57%
Jamaïque
53%
Pérou
53%
{Amérique} Russe
52%
Guadeloupe
52%
Martinique
52%
Bahamas
51%
Virginie
51%
Caroline du Nord
47%
Caroline du Sud
47%
Géorgie
45%
Massachusetts
43%
New Jersey
43%
Sainte-Lucie
43%
Terre-Neuve
43%
Barbade
40%
Saint-Vincent-et-les-Grenadines
40%
Pennsylvanie
39%
Rhode Island
39%
Connecticut
38%
Delaware
38%
Grenade
37%
Maryland
37%
New Hampshire
37%
Saint-Martin
33%
Saint-Pierre-et-Miquelon
31%
Nouvelle-Espagne
28%
Bermudes
27%
Saint-Barthélemy
25%
Saint-Domingue
24%
Nouvelle-Écosse
21%
Île-du-Prince-Édouard
16%
Terre de Rupert
15%
Nouvelle-Grenade
12%
Tobago
12%
Îles Turques-et-Caïques
11%
{Indes Occidentales} Danoises
7%
{Indes Occidentales} Néerlandaises
7%
Côte des Mosquitos
5%
Iroquois
5%
Essequibo
4%
{Îles-sous-le-Vent} Britanniques
4%
Réserve Indienne
4%
Berbice
3%
Démérara
3%
Sacramento
3%
Aucun quiz correspondant
Distribution des résultats
% des personnes avec chaque résultat
Percentile par nombre de réponses
Votre historique - résultats
Vous n’avez pas pris ce quiz